Welcome to WEB OPAC of MRSPTU Central Library

Practical Manual on Basic Agronomy ( With Theory ) (Record no. 10442)

MARC details
000 -LEADER
fixed length control field 00461nam a22001937a 4500
003 - CONTROL NUMBER IDENTIFIER
control field OSt
005 - DATE AND TIME OF LATEST TRANSACTION
control field 20241105155036.0
008 - FIXED-LENGTH DATA ELEMENTS--GENERAL INFORMATION
fixed length control field 241105b |||||||| |||| 00| 0 eng d
040 ## - CATALOGING SOURCE
Transcribing agency MRSPTU
041 ## - LANGUAGE CODE
Language code of text/sound track or separate title ENG
082 ## - DEWEY DECIMAL CLASSIFICATION NUMBER
Classification number 630
Item number DA-P
100 ## - MAIN ENTRY--PERSONAL NAME
Personal name Das, N.R.
245 ## - TITLE STATEMENT
Title Practical Manual on Basic Agronomy ( With Theory )
250 ## - EDITION STATEMENT
Edition statement 2nd Ed.
260 ## - PUBLICATION, DISTRIBUTION, ETC.
Place of publication, distribution, etc. Jodhpur
Name of publisher, distributor, etc. Scientific Pub,
Date of publication, distribution, etc. 2018
300 ## - PHYSICAL DESCRIPTION
Extent 336
650 ## - SUBJECT ADDED ENTRY--TOPICAL TERM
Topical term or geographic name entry element Agriculture
942 ## - ADDED ENTRY ELEMENTS (KOHA)
Source of classification or shelving scheme Dewey Decimal Classification
Koha item type Book
Suppress in OPAC No
Holdings
Withdrawn status Lost status Source of classification or shelving scheme Damaged status Not for loan Home library Current library Date acquired Total checkouts Full call number Barcode Date last seen Price effective from Koha item type
    Dewey Decimal Classification     MRSPTU Central Library MRSPTU Central Library 11/05/2024   630 DA-P 41817 11/05/2024 11/05/2024 Book
    Dewey Decimal Classification     MRSPTU Central Library MRSPTU Central Library 11/05/2024   630 DA-P 41818 11/05/2024 11/05/2024 Book
    Dewey Decimal Classification     MRSPTU Central Library MRSPTU Central Library 11/05/2024   630 DA-P 41819 11/05/2024 11/05/2024 Book

Website Designed and Developed by MRSPTU Central Library Team

E-mail Id: librarian@mrsptu.ac.in